The Nexus Between Colour Preferences and Emotions Towards the Colours
Gespeichert in:
| 1. Verfasser: | |
|---|---|
| Weitere Verfasser: | |
| Format: | Buchkapitel |
| Sprache: | Englisch |
| Schlagworte: | |
| Tags: |
Keine Tags, Fügen Sie das erste Tag hinzu!
|
MARC
| LEADER | 00000naa$a2200000$$$4500 | ||
|---|---|---|---|
| 001 | 0303922 | ||
| 005 | 20240903103616.8 | ||
| 041 | 0 | |a eng | |
| 044 | |a CZ | ||
| 245 | 1 | 0 | |a The Nexus Between Colour Preferences and Emotions Towards the Colours |c Marián Čvirik, Kristína Babišová |
| 500 | |a Abstrakt | ||
| 610 | 2 | 0 | |a marketing senzorický |
| 610 | 2 | 0 | |a emócie |
| 610 | 2 | 0 | |a preferencie |
| 610 | 2 | 0 | |a farby |
| 100 | 1 | |a Čvirik, Marián, 1992- | |
| 700 | 1 | |a Babišová, Kristína | |